000 00639nam a2200241Ia 4500
003 OSt
005 20220912150416.0
006 a|||||r|||| 00| 0
007 ta
008 220909b |||||||| |||| 00| 0 eng d
024 _a49527
037 _cTextual
040 _aCSL
_beng
_cCSL
041 _aeng
082 _aI:33;986, L5
100 _aKrishnamoorthy H K Ed.
245 0 _aGibberllins and plants growth
260 _aNew Delhi
_b Wiley Eastern
_c1975
300 _axv,356p.
_ccm.
650 _aPlant Metabolem
942 _hI:33;986, L5
_cTEXL
_2CC
999 _c46918
_d46918